[Event "Quebec op"]
[Site "Montreal CAN"]
[Date "1972.10.08"]
[Round "5"]
[White "Garant, Michel"]
[Black "Brodie, Hugh"]
[Result "0-1"]
[WhiteElo "1600"]
[BlackElo "1800"]
[PlyCount "62"]
[EventDate "1972.10.07"]
[EventType "swiss"]
[EventRounds "7"]
[EventCountry "CAN"]

1. b3 e5 2. Bb2 d6 3. e3 Nc6 4. Be2 f5 5. c4 Nf6 6. Nf3 g6 7. d3 Bg7 8. Nbd2
O-O 9. O-O h6 10. Ne1 Be6 11. h3 Qd7 12. f4 g5 13. d4 exd4 14. exd4 d5 15. Nd3
Rae8 16. Ne5 Nxe5 17. fxe5 Ne4 18. Ba3 Nc3 19. Qe1 Nxe2+ 20. Qxe2 Rf7 21. c5 b6
22. Rac1 g4 23. c6 Qd8 24. hxg4 fxg4 25. Rxf7 Kxf7 26. Qf2+ Kg8 27. Nf1 Qg5 28.
Ne3 Bf8 29. Bb2 Be7 30. Rc3 Rf8 31. Qe1 Bb4 0-1

[Event "Quebec op"]
[Site "Montreal CAN"]
[Date "1972.10.09"]
[Round "7"]
[White "Jolicoeur, A."]
[Black "Brodie, Hugh"]
[Result "0-1"]
[WhiteElo "1600"]
[BlackElo "1800"]
[PlyCount "43"]
[EventDate "1972.10.07"]
[EventType "swiss"]
[EventRounds "7"]
[EventCountry "CAN"]

1. e4 c5 2. Nf3 d6 3. d4 cxd4 4. Nxd4 Nf6 5. Nc3 g6 6. g3 Bg7 7. Bg2 O-O 8. Be3
Nc6 9. Qd2 Ng4 10. Nf3 Nxe3 11. Qxe3 Qa5 12. O-O Be6 13. a3 Rac8 14. b4 Rfd8
15. Rab1 Ne5 16. Nd4 Nc4 17. Qd3 Nxa3 18. Ra1 Bc4 19. Qd2 Bxd4 20. Rxa3 Bxf1
21. Kxf1 Bxc3 22. Rxc3 0-1

[Event "Ottawa-1"]
[Site "Ottawa CAN"]
[Date "1972.08.05"]
[Round "1"]
[White "Brodie, Hugh"]
[Black "Wilson, Jonathan"]
[Result "0-1"]
[WhiteElo "1800"]
[BlackElo "1531"]
[PlyCount "103"]
[EventDate "1972.08.05"]
[EventType "swiss"]
[EventRounds "5"]
[EventCountry "CAN"]

1. e4 c5 2. Nc3 d6 3. Nf3 a6 4. d4 cxd4 5. Nxd4 Nf6 6. Bg5 e6 7. f4 Nbd7 8. Qf3
Qc7 9. O-O-O b5 10. g4 b4 11. Nce2 Bb7 12. Bxf6 Nxf6 13. Ng3 Rc8 14. Bd3 d5 15.
Rhe1 Be7 16. g5 Nd7 17. Kb1 Nc5 18. e5 Nxd3 19. cxd3 Qb6 20. Nde2 b3 21. d4
bxa2+ 22. Kxa2 Bb4 23. Rf1 O-O 24. Nh5 Rc2 25. Nf6+ gxf6 26. gxf6 Kh8 27. Rg1
Bc3 28. Qxc3 Rxc3 29. Nxc3 Bc6 30. Rg7 Qd8 31. Rd3 Rg8 32. Rxf7 Be8 33. Re7
Qa5+ 34. Kb3 Qb6+ 35. Ka3 Bg6 36. f5 Rb8 37. Na4 Qb4+ 38. Ka2 Qc4+ 39. Ka1 Qxd3
40. fxg6 Qxg6 41. Rxe6 Qc2 42. Nb6 Qf5 43. Rd6 Kg8 44. Nxd5 Qf1+ 45. Ka2 Qc4+
46. Ka1 Qb3 47. Nb6 Rxb6 48. Rxb6 Qxb6 49. d5 Qa5+ 50. Kb1 Qxd5 51. Kc2 Qxe5
52. Kb3 0-1

[Event "Ottawa-1"]
[Site "Ottawa CAN"]
[Date "1972.08.05"]
[Round "2"]
[White "Webb, Robert"]
[Black "Brodie, Hugh"]
[Result "0-1"]
[WhiteElo "1650"]
[BlackElo "1800"]
[PlyCount "58"]
[EventDate "1972.08.05"]
[EventType "swiss"]
[EventRounds "5"]
[EventCountry "CAN"]

1. d4 Nf6 2. c4 e5 3. dxe5 Ng4 4. Nf3 Nc6 5. Bf4 Bb4+ 6. Nc3 Qe7 7. e3 Ngxe5 8.
Nd4 d6 9. Be2 Bd7 10. O-O Bxc3 11. bxc3 O-O 12. Qb1 Rab8 13. Rd1 Be6 14. Nb5
Bxc4 15. Bxc4 Nxc4 16. Qb3 N4e5 17. Rd5 a6 18. Na3 Rfe8 19. Rad1 Qf6 20. Nc4
Re7 21. Nd2 Qg6 22. Bg3 Nd7 23. Nf3 Nc5 24. Qa3 Rbe8 25. Qb2 b6 26. Nh4 Qg4 27.
Nf5 Re6 28. h3 Qc4 29. Nd4 Qxd5 0-1

[Event "Ottawa-1"]
[Site "Ottawa CAN"]
[Date "1972.08.05"]
[Round "3"]
[White "Brodie, Hugh"]
[Black "Szabo, Alexander"]
[Result "1-0"]
[WhiteElo "1800"]
[BlackElo "1700"]
[PlyCount "83"]
[EventDate "1972.08.05"]
[EventType "swiss"]
[EventRounds "5"]
[EventCountry "CAN"]

1. e4 e5 2. Nc3 Nf6 3. f4 d6 4. Nf3 Bg4 5. Bc4 h6 6. fxe5 dxe5 7. Bxf7+ Kxf7 8.
Nxe5+ Kg8 9. Nxg4 Nbd7 10. O-O Bd6 11. d4 Be7 12. Nxf6+ Nxf6 13. e5 Nh7 14. Qd3
Nf8 15. Be3 c6 16. Qf5 Qe8 17. Rf3 Qg6 18. Raf1 Kh7 19. Rg3 Qxf5 20. Rxf5 Ng6
21. Rf7 Rhf8 22. Rxf8 Rxf8 23. Rf3 a6 24. Rxf8 Bxf8 25. Ne4 Kg8 26. Kf1 Kf7 27.
Ke2 Ke6 28. Kd3 Nh4 29. g4 Ng2 30. c4 Nxe3 31. Kxe3 Be7 32. Ng3 g6 33. Ke4 b6
34. d5+ cxd5+ 35. cxd5+ Kd7 36. d6 Bg5 37. Kd5 a5 38. e6+ Kd8 39. Kc6 b5 40.
e7+ Bxe7 41. dxe7+ Kxe7 42. Kxb5 1-0

[Event "Ottawa-1"]
[Site "Ottawa CAN"]
[Date "1972.08.06"]
[Round "4"]
[White "Henry, John"]
[Black "Brodie, Hugh"]
[Result "0-1"]
[WhiteElo "1458"]
[BlackElo "1800"]
[PlyCount "28"]
[EventDate "1972.08.05"]
[EventType "swiss"]
[EventRounds "5"]
[EventCountry "CAN"]

1. d4 Nf6 2. c4 e5 3. d5 Bc5 4. Bg5 Ne4 5. e3 Qxg5 6. Nf3 Bb4+ 7. Nbd2 Qe7 8.
a3 Nxd2 9. Nxd2 Bxd2+ 10. Qxd2 O-O 11. Be2 d6 12. O-O Nd7 13. b4 f5 14. f4 Nf6
0-1

[Event "Ottawa-1"]
[Site "Ottawa CAN"]
[Date "1972.08.06"]
[Round "5"]
[White "Broughton, D."]
[Black "Brodie, Hugh"]
[Result "1-0"]
[WhiteElo "1968"]
[BlackElo "1800"]
[PlyCount "91"]
[EventDate "1972.08.05"]
[EventType "swiss"]
[EventRounds "5"]
[EventCountry "CAN"]

1. e4 c5 2. Nf3 d6 3. d4 cxd4 4. Nxd4 Nf6 5. Nc3 g6 6. Be3 Bg7 7. f3 O-O 8. Bc4
Nc6 9. Qd2 Bd7 10. O-O-O Qa5 11. Kb1 Rfc8 12. Bb3 Ne5 13. h4 Nc4 14. Bxc4 Rxc4
15. Nb3 Qa6 16. g4 Rac8 17. h5 b5 18. Bh6 b4 19. Bxg7 Kxg7 20. hxg6 fxg6 21.
Qh6+ Kf7 22. Nd5 Rh8 23. Qf4 Be6 24. g5 Bxd5 25. Rxd5 Qc6 26. gxf6 Qxd5 27. Qh6
Qb7 28. Qg7+ Ke6 29. Qxh8 exf6 30. Qg8+ Qf7 31. Qxf7+ Kxf7 32. Rxh7+ Kf8 33.
Kc1 f5 34. Nd2 Rd4 35. Kd1 fxe4 36. fxe4 d5 37. exd5 Rxd5 38. Rxa7 g5 39. a3
bxa3 40. Rxa3 g4 41. c4 Rg5 42. Rg3 Ke7 43. Ke2 Ke6 44. Ke3 Re5+ 45. Kf4 Re2
46. Re3+ 1-0

[Event "St-Jean op"]
[Site "Montreal CAN"]
[Date "1972.06.23"]
[Round "1"]
[White "Labadie, Bernard"]
[Black "Brodie, Hugh"]
[Result "0-1"]
[WhiteElo "1600"]
[BlackElo "1800"]
[PlyCount "54"]
[EventDate "1972.06.23"]
[EventType "swiss"]
[EventRounds "5"]
[EventCountry "CAN"]

1. d4 d5 2. c4 e6 3. Nc3 Nf6 4. Bg5 c6 5. cxd5 exd5 6. Nf3 Bd6 7. e3 Bg4 8. Be2
O-O 9. Rc1 Nbd7 10. O-O a6 11. h3 Bh5 12. Re1 Qc7 13. Kf1 h6 14. Bxf6 Nxf6 15.
Nh4 Bxe2+ 16. Qxe2 Rae8 17. Nf5 Re6 18. Nxd6 Rxd6 19. Qd3 Re8 20. Ne2 Ne4 21.
Rc2 Rf6 22. f3 Qh2 23. Ng1 Ree6 24. Ke2 Qxg2+ 25. Kd1 Nf2+ 26. Rxf2 Qxf2 27.
Kc1 Qxe1+ 0-1

[Event "St-Jean op"]
[Site "Montreal CAN"]
[Date "1972.06.24"]
[Round "2"]
[White "Brodie, Hugh"]
[Black "Lemyre, Pierre"]
[Result "1-0"]
[WhiteElo "1800"]
[BlackElo "1900"]
[PlyCount "77"]
[EventDate "1972.06.23"]
[EventType "swiss"]
[EventRounds "5"]
[EventCountry "CAN"]

1. f4 g6 2. e4 Bg7 3. d4 d6 4. Nc3 Nd7 5. Nf3 c5 6. Be2 cxd4 7. Nxd4 Ngf6 8.
O-O O-O 9. Be3 a6 10. a4 Qc7 11. Qd2 b6 12. Bf3 Bb7 13. Rae1 Rad8 14. Qf2 Nc5
15. Bc1 e5 16. Nb3 Rfe8 17. fxe5 Rxe5 18. Nxc5 bxc5 19. Qh4 c4 20. Bg5 Qc5+ 21.
Be3 Qb4 22. Bd4 Rde8 23. Bxe5 Rxe5 24. Nd5 Nxd5 25. exd5 g5 26. Qg3 h6 27. h4
f5 28. hxg5 f4 29. Qf2 hxg5 30. Rxe5 Bxe5 31. Qa7 g4 32. Qb8+ Kg7 33. Bxg4 Qc5+
34. Kh1 Bxd5 35. Bf3 Bf7 36. Qb7 c3 37. bxc3 Qc4 38. Rd1 Bxc3 39. Bd5 1-0

[Event "St-Jean op"]
[Site "Montreal CAN"]
[Date "1972.06.24"]
[Round "3"]
[White "Boileau, Doug"]
[Black "Brodie, Hugh"]
[Result "1-0"]
[WhiteElo "2050"]
[BlackElo "1800"]
[PlyCount "47"]
[EventDate "1972.06.23"]
[EventType "swiss"]
[EventRounds "5"]
[EventCountry "CAN"]

1. e4 e6 2. d4 d5 3. Nc3 Bb4 4. e5 c5 5. a3 Bxc3+ 6. bxc3 Ne7 7. a4 Qa5 8. Bd2
c4 9. Nh3 Nd7 10. Qh5 Nb6 11. Ng5 Ng6 12. Qf3 O-O 13. h4 h6 14. h5 Ne7 15. Nh3
Nxa4 16. g4 b5 17. g5 hxg5 18. h6 f5 19. Nxg5 g6 20. Qh3 Qd8 21. h7+ Kh8 22.
Qh6 Qe8 23. Nh3 Rf7 24. Bg5 1-0

[Event "St-Jean op"]
[Site "Montreal CAN"]
[Date "1972.06.25"]
[Round "4"]
[White "Brodie, Hugh"]
[Black "Therien, Jules"]
[Result "1-0"]
[WhiteElo "1800"]
[BlackElo "1800"]
[PlyCount "78"]
[EventDate "1972.06.23"]
[EventType "swiss"]
[EventRounds "5"]
[EventCountry "CAN"]

1. f4 e5 2. fxe5 d6 3. exd6 Bxd6 4. Nf3 g5 5. g3 g4 6. Nh4 f5 7. d4 f4 8. Qd3
Qe7 9. Nc3 fxg3 10. hxg3 Nc6 11. a3 Bd7 12. Ng6 hxg6 13. Qxg6+ Qf7 14. Qxf7+
Kxf7 15. Rxh8 Bxg3+ 16. Kd1 Kg7 17. Rh1 Nxd4 18. Bg2 Rd8 19. Bg5 Nf6 20. Bxf6+
Kxf6 21. Ne4+ Kf5 22. Nxg3+ Kf4 23. Nf1 Nf5 24. Ke1 Bb5 25. b3 Bxe2 26. Kxe2
Nd4+ 27. Kf2 Nxc2 28. Ra2 Nd4 29. b4 Nf5 30. Re2 Rd3 31. Rh5 g3+ 32. Kg1 Nd6
33. Rd2 Rxd2 34. Nxd2 c6 35. Rh7 a6 36. Rd7 Ke5 37. Nf1 Nb5 38. Rxb7 Nxa3 39.
Bxc6 Nc4 1-0

[Event "St-Jean op"]
[Site "Montreal CAN"]
[Date "1972.06.25"]
[Round "5"]
[White "Ouimet, Bernard"]
[Black "Brodie, Hugh"]
[Result "1-0"]
[WhiteElo "1900"]
[BlackElo "1800"]
[PlyCount "63"]
[EventDate "1972.06.23"]
[EventType "swiss"]
[EventRounds "5"]
[EventCountry "CAN"]

1. e4 c5 2. Nf3 d6 3. d4 cxd4 4. Nxd4 Nf6 5. Nc3 g6 6. Be3 Bg7 7. Bc4 Nc6 8. f3
O-O 9. Qd2 Bd7 10. O-O-O Qa5 11. h4 Rfc8 12. Bb3 Ne5 13. g4 Nc4 14. Bxc4 Rxc4
15. Nb3 Qa6 16. Kb1 Rac8 17. e5 Ne8 18. h5 Bxe5 19. hxg6 fxg6 20. Bd4 Bxd4 21.
Nxd4 Nf6 22. Qh6 Rxc3 23. bxc3 Rxc3 24. g5 Nh5 25. Rxh5 gxh5 26. g6 hxg6 27.
Qxg6+ Kf8 28. Rg1 Qc4 29. Qg7+ Ke8 30. Qh8+ Kf7 31. Rg7+ Kf6 32. Qf8+ 1-0

[Event "East End op"]
[Site "Montreal CAN"]
[Date "1972.05.12"]
[Round "1"]
[White "Brodie, Hugh"]
[Black "Croisetiere, Michel"]
[Result "1-0"]
[WhiteElo "1800"]
[BlackElo "1600"]
[PlyCount "33"]
[EventDate "1972.05.12"]
[EventType "swiss"]
[EventRounds "5"]
[EventCountry "CAN"]

1. e4 e5 2. Nc3 Nf6 3. f4 Nc6 4. fxe5 Nxe5 5. d4 Nc6 6. e5 Ng8 7. Nf3 Be7 8.
Bc4 d6 9. O-O Bg4 10. exd6 cxd6 11. Bxf7+ Kf8 12. Ng5 Bxg5 13. Qxg4 Bf6 14. Bb3
h5 15. Qe6 Qc7 16. Nd5 Qd8 17. Nxf6 1-0

[Event "East End op"]
[Site "Montreal CAN"]
[Date "1972.05.13"]
[Round "2"]
[White "Nachtigal, F."]
[Black "Brodie, Hugh"]
[Result "0-1"]
[WhiteElo "1600"]
[BlackElo "1800"]
[PlyCount "116"]
[EventDate "1972.05.12"]
[EventType "swiss"]
[EventRounds "5"]
[EventCountry "CAN"]

1. c4 e5 2. Nc3 Nc6 3. g3 d6 4. Bg2 g6 5. Nf3 Bg7 6. e4 f5 7. exf5 gxf5 8. O-O
Nf6 9. d4 e4 10. Ng5 Ne7 11. d5 Ng6 12. Ne6 Bxe6 13. dxe6 O-O 14. f3 exf3 15.
Bxf3 c6 16. Kh1 Qe7 17. Bg5 Qxe6 18. Qb3 Qd7 19. Rad1 Kh8 20. h4 h6 21. h5 hxg5
22. hxg6 f4 23. Kg2 Bh6 24. Ne4 g4 25. Nxf6 gxf3+ 26. Rxf3 Rxf6 27. Qc3 Bg7 28.
Qd3 Qe6 29. Rh1+ Kg8 30. Rh4 Re8 31. Rhxf4 Rxf4 32. Rxf4 Qe2+ 33. Qxe2 Rxe2+
34. Kf3 Re8 35. b3 Rf8 36. Ke4 Rxf4+ 37. gxf4 Kf8 38. f5 Ke7 39. Kf4 Kf6 40.
Kg4 Bh6 41. Kh5 Bc1 42. Kg4 d5 43. cxd5 cxd5 44. Kf3 Bh6 45. Ke2 Kxf5 46. Kd3
Bg7 47. b4 Kxg6 48. a3 Kf5 49. Ke3 b5 50. Kd3 Kf4 51. Kc2 Ke3 52. Kb3 d4 53. a4
d3 54. axb5 d2 55. b6 d1=Q+ 56. Kc4 axb6 57. Kb5 Qd6 58. Kc4 Bf8 0-1

[Event "East End op"]
[Site "Montreal CAN"]
[Date "1972.05.13"]
[Round "3"]
[White "Cuchanski, Milan"]
[Black "Brodie, Hugh"]
[Result "1/2-1/2"]
[WhiteElo "2100"]
[BlackElo "1800"]
[PlyCount "85"]
[EventDate "1972.05.12"]
[EventType "swiss"]
[EventRounds "5"]
[EventCountry "CAN"]

1. d4 e6 2. c4 Nf6 3. Nc3 c5 4. Nf3 cxd4 5. Nxd4 Nc6 6. g3 Bb4 7. Bg2 O-O 8.
O-O Bxc3 9. bxc3 Qa5 10. Qb3 Rd8 11. e4 d6 12. Rd1 Qc7 13. Nb5 Qe7 14. Ba3 Ne8
15. f4 e5 16. fxe5 Nxe5 17. c5 dxc5 18. Rxd8 Qxd8 19. Bxc5 Be6 20. Qa4 Qd7 21.
Rd1 Qc6 22. Qb4 Bxa2 23. Nxa7 Qa6 24. Bf1 Bc4 25. Bxc4 Nxc4 26. Nb5 Qa2 27. Bd4
Qe2 28. Rf1 Ra2 29. Rf2 Ra1+ 30. Kg2 Qxe4+ 31. Kh3 Qe6+ 32. Kg2 g5 33. Qc5 Qc6+
34. Qxc6 bxc6 35. Na7 Na5 36. Rb2 Kf8 37. Rb8 Ke7 38. Bc5+ Kd7 39. Ra8 Nb3 40.
Be3 g4 41. Bb6 Nc7 42. Rg8 Ra2+ 43. Kf1 1/2-1/2

[Event "East End op"]
[Site "Montreal CAN"]
[Date "1972.05.14"]
[Round "4"]
[White "Brodie, Hugh"]
[Black "Spraggett, Kevin"]
[Result "0-1"]
[WhiteElo "1800"]
[BlackElo "2000"]
[PlyCount "78"]
[EventDate "1972.05.12"]
[EventType "swiss"]
[EventRounds "5"]
[EventCountry "CAN"]

1. e4 c5 2. Nc3 d6 3. g3 g6 4. Bg2 Nc6 5. d3 Bg7 6. f4 e6 7. Nf3 Nge7 8. O-O
O-O 9. Be3 f5 10. Qd2 b6 11. Nd1 Bb7 12. c3 Qd7 13. Nf2 b5 14. h3 a5 15. g4 a4
16. d4 Na5 17. exf5 exf5 18. Qd3 Nc4 19. dxc5 Nd5 20. Bc1 a3 21. bxa3 dxc5 22.
gxf5 gxf5 23. Nh4 Qf7 24. Rb1 Nxc3 25. Rb3 Rad8 26. Qc2 Bxg2 27. Kxg2 Qf6 28.
Nf3 Rfe8 29. Re1 Rxe1 30. Nxe1 Na5 31. Rb2 Na4 32. Rb1 Qc6+ 33. Kh2 Nc3 34. Rb2
Re8 35. Ng2 Ne2 36. Rb1 Bd4 37. Nd1 Qg6 38. Be3 Qg3+ 39. Kh1 Qxh3# 0-1

[Event "East End op"]
[Site "Montreal CAN"]
[Date "1972.05.14"]
[Round "5"]
[White "Richardson, Ross"]
[Black "Brodie, Hugh"]
[Result "1-0"]
[WhiteElo "1800"]
[BlackElo "1800"]
[PlyCount "133"]
[EventDate "1972.05.12"]
[EventType "swiss"]
[EventRounds "5"]
[EventCountry "CAN"]

1. e4 c5 2. Nf3 d6 3. d3 Nc6 4. g3 g6 5. Bg2 Bg7 6. Nbd2 e5 7. O-O Be6 8. c3 f5
9. Qe2 h6 10. exf5 gxf5 11. Nh4 Qf6 12. f4 O-O-O 13. Bxc6 bxc6 14. fxe5 dxe5
15. Ne4 Qf7 16. Nxc5 Rf8 17. Nxe6 Qxe6 18. Be3 Kb7 19. Bc5 Rf7 20. Qc2 Ka8 21.
Qb3 Qd7 22. Ng6 Rh7 23. Rae1 h5 24. Nxe5 Bxe5 25. Rxe5 Rhg7 26. Qe6 h4 27. Qxd7
Rxd7 28. Re8+ Kb7 29. Bd4 Rg5 30. Rf3 h3 31. Rf8 Nh6 32. Be3 Rg6 33. Bxh6 Rxh6
34. R8xf5 Re6 35. Kf2 Kb6 36. Rh5 Rde7 37. Rxh3 Re2+ 38. Kg1 Rxb2 39. Rf2 Ree2
40. Rxe2 Rxe2 41. a4 Ka5 42. Rh4 Rd2 43. Rd4 c5 44. Rc4 Rxd3 45. Rxc5+ Kxa4 46.
Rc4+ Kb3 47. Rb4+ Kxc3 48. Ra4 Rd7 49. h4 Kb3 50. Ra6 Kb4 51. Kh2 Kb5 52. Ra2
a5 53. h5 a4 54. g4 Kb4 55. g5 Kb3 56. Rg2 a3 57. h6 Rh7 58. Kh3 a2 59. Rxa2
Kxa2 60. Kh4 Kb3 61. Kh5 Kc4 62. g6 Rd7 63. h7 Rd1 64. g7 Rd5+ 65. Kg6 Rd6+ 66.
Kf7 Rd7+ 67. Kf6 1-0

[Event "Toronto op"]
[Site "Toronto CAN"]
[Date "1972.03.31"]
[Round "2"]
[White "Bevand, Larry"]
[Black "Brodie, Hugh"]
[Result "1/2-1/2"]
[WhiteElo "1650"]
[BlackElo "1800"]
[PlyCount "61"]
[EventDate "1972.03.31"]
[EventType "swiss"]
[EventRounds "6"]
[EventCountry "CAN"]

1. e4 e6 2. d4 d5 3. exd5 exd5 4. Bd3 Bd6 5. Nf3 Bg4 6. c3 c6 7. h3 Bh5 8. O-O
Nd7 9. Re1+ Ne7 10. Nbd2 Qc7 11. Qc2 Nf8 12. Nh4 O-O-O 13. Nf5 Nxf5 14. Bxf5+
Kb8 15. Nf1 Bg6 16. Bg5 f6 17. Bh4 Bxf5 18. Qxf5 Ng6 19. Bg3 Rhe8 20. Bxd6 Qxd6
21. Ng3 Re7 22. Qc2 Rde8 23. Qd2 Qd7 24. Rxe7 Rxe7 25. Re1 Kc7 26. Rxe7 Qxe7
27. Qe2 Qd6 28. Nh5 Nf4 29. Nxf4 Qxf4 30. Qe7+ Kb6 31. Qb4+ 1/2-1/2

[Event "Toronto op"]
[Site "Toronto CAN"]
[Date "1972.04.01"]
[Round "3"]
[White "Brodie, Hugh"]
[Black "Klarner, William"]
[Result "1-0"]
[WhiteElo "1800"]
[BlackElo "1900"]
[PlyCount "63"]
[EventDate "1972.03.31"]
[EventType "swiss"]
[EventRounds "6"]
[EventCountry "CAN"]

1. e4 e5 2. Nc3 Nc6 3. Bc4 Bc5 4. Qg4 Qf6 5. Nd5 Qg6 6. Qxg6 hxg6 7. Nxc7+ Kd8
8. Nxa8 Nh6 9. d3 Ng4 10. Nh3 Nb4 11. Bb3 f6 12. a3 Nc6 13. c3 Rxh3 14. gxh3
Nxf2 15. Rf1 Nxh3 16. Bd2 d6 17. Bf7 g5 18. b4 Bg1 19. O-O-O Bxh2 20. Be3 Bf4
21. Bxf4 gxf4 22. d4 exd4 23. cxd4 g5 24. b5 Ne7 25. b6 a6 26. Nc7 g4 27. Ne6+
Bxe6 28. Bxe6 f5 29. exf5 g3 30. Rh1 Nf2 31. Rh8+ Ng8 32. Rxg8+ 1-0

[Event "Toronto op"]
[Site "Toronto CAN"]
[Date "1972.04.01"]
[Round "4"]
[White "Ferner, Wolfgang"]
[Black "Brodie, Hugh"]
[Result "1/2-1/2"]
[WhiteElo "1700"]
[BlackElo "1800"]
[PlyCount "61"]
[EventDate "1972.03.31"]
[EventType "swiss"]
[EventRounds "6"]
[EventCountry "CAN"]

1. d4 d5 2. Nf3 Nf6 3. e3 e6 4. Bd3 c5 5. c3 Nc6 6. O-O Bd6 7. Nbd2 Qc7 8. e4
dxe4 9. Nxe4 Nxe4 10. Bxe4 cxd4 11. cxd4 O-O 12. Bxh7+ Kxh7 13. Ng5+ Kg6 14.
Qg4 f5 15. Qh4 Bd7 16. f4 Rh8 17. Qg3 Kf6 18. Be3 Nb4 19. Rac1 Qa5 20. d5 Nxd5
21. Bd4+ Ke7 22. Nh3 Rhg8 23. Rfe1 g5 24. Nxg5 Bxf4 25. Qh4 Bxg5 26. Qh7+ Kf8
27. Qxd7 Bxc1 28. Rxc1 Rxg2+ 29. Kh1 Rxh2+ 30. Kg1 Rg2+ 31. Kh1 1/2-1/2

[Event "Toronto op"]
[Site "Toronto CAN"]
[Date "1972.04.02"]
[Round "5"]
[White "Brodie, Hugh"]
[Black "Oldrich, J."]
[Result "1/2-1/2"]
[WhiteElo "1800"]
[BlackElo "1700"]
[PlyCount "64"]
[EventDate "1972.03.31"]
[EventType "swiss"]
[EventRounds "6"]
[EventCountry "CAN"]

1. e4 c5 2. Nc3 Nc6 3. g3 d6 4. Bg2 g6 5. d3 Bg7 6. f4 e6 7. Nf3 Nge7 8. O-O
O-O 9. Be3 Rb8 10. Qd2 b6 11. Rab1 d5 12. exd5 exd5 13. Ne2 Nf5 14. Bf2 Re8 15.
g4 Nfe7 16. h3 f5 17. Nh2 Bb7 18. c3 d4 19. c4 Nb4 20. a3 Bxg2 21. Kxg2 Nbc6
22. Ng3 Qd7 23. Rbe1 b5 24. b3 bxc4 25. bxc4 Rb3 26. gxf5 Nxf5 27. Rxe8+ Qxe8
28. Ne4 Qb8 29. Rc1 Rb2 30. Rc2 Rxc2 31. Qxc2 Qxf4 32. Qa4 Qc7 1/2-1/2

[Event "Toronto op"]
[Site "Toronto CAN"]
[Date "1972.04.02"]
[Round "6"]
[White "Kostiuk, Paul"]
[Black "Brodie, Hugh"]
[Result "0-1"]
[WhiteElo "1700"]
[BlackElo "1800"]
[PlyCount "50"]
[EventDate "1972.03.31"]
[EventType "swiss"]
[EventRounds "6"]
[EventCountry "CAN"]

1. Nc3 e5 2. e4 Nf6 3. Nf3 Nc6 4. Bc4 Nxe4 5. Nxe4 d5 6. Bb5 dxe4 7. Nxe5 Bd7
8. Nxc6 Bxc6 9. Bxc6+ bxc6 10. b3 Qf6 11. Rb1 Bd6 12. Qg4 O-O 13. Qh3 Rfe8 14.
O-O Re6 15. Bb2 Qg5 16. d3 Rh6 17. Bc1 Rxh3 18. Bxg5 Bxh2+ 19. Kh1 Rh5 20. Be3
Bd6+ 21. Kg1 exd3 22. cxd3 Rd5 23. Rfd1 f5 24. g3 Re8 25. d4 Bxg3 0-1

[Event "Montreal-Tch"]
[Site "Montreal CAN"]
[Date "1972.02.01"]
[Round "1"]
[White "Giddings, Carl"]
[Black "Brodie, Hugh"]
[Result "0-1"]
[WhiteElo "1600"]
[BlackElo "1800"]
[PlyCount "76"]
[EventDate "1972.02.01"]
[EventType "team"]
[EventRounds "5"]
[EventCountry "CAN"]

1. e4 c5 2. Bc4 e6 3. Nf3 a6 4. a4 Qa5 5. Ra3 Nc6 6. O-O Be7 7. d4 cxd4 8. Nxd4
Bxa3 9. Nxa3 Nf6 10. Nxc6 bxc6 11. Bd3 O-O 12. b3 d5 13. e5 Ne8 14. Qg4 f6 15.
Qh5 f5 16. g4 Qc7 17. Bb2 Qf7 18. Qxf7+ Rxf7 19. gxf5 exf5 20. c4 Rb8 21. cxd5
cxd5 22. Bc2 f4 23. Re1 Rb6 24. Bd4 Rh6 25. b4 Bf5 26. Bb3 Rg6+ 27. Kh1 Be4+
28. Rxe4 dxe4 29. b5 axb5 30. axb5 Nc7 31. Bxf7+ Kxf7 32. b6 Na6 33. Nc4 Ke7
34. Nd6 Ke6 35. b7 Kd5 36. Ba7 Kxe5 37. b8=Q Nxb8 38. Bxb8 Rxd6 0-1

[Event "Montreal-Tch"]
[Site "Montreal CAN"]
[Date "1972.02.15"]
[Round "2"]
[White "Bokan, Stefan"]
[Black "Brodie, Hugh"]
[Result "0-1"]
[WhiteElo "1800"]
[BlackElo "1800"]
[PlyCount "74"]
[EventDate "1972.02.01"]
[EventType "team"]
[EventRounds "5"]
[EventCountry "CAN"]

1. e4 e6 2. d4 d5 3. Nc3 Bb4 4. e5 c5 5. a3 Bxc3+ 6. bxc3 Ne7 7. Bg5 Qc7 8. Bd3
Nd7 9. Nf3 f6 10. Bh4 cxd4 11. exf6 Qxc3+ 12. Nd2 Nxf6 13. Bxf6 gxf6 14. O-O h5
15. Nb3 e5 16. Re1 Bd7 17. Rb1 O-O-O 18. f3 Rdg8 19. Kh1 Rg7 20. Nc1 Rhg8 21.
Rb3 Qc7 22. Bf1 Nf5 23. Ne2 Bc6 24. Qd2 Ne3 25. Rxe3 dxe3 26. Qxe3 d4 27. Qd3
Rg6 28. c3 Qg7 29. g3 dxc3 30. Nxc3 Rxg3 31. Bh3+ Rxh3 32. Qf5+ Bd7 33. Qc2 Kb8
34. Qf2 Bc6 35. Ne4 Bxe4 36. fxe4 Qg3 37. Qe2 Rxh2+ 0-1

[Event "Montreal-Tch"]
[Site "Montreal CAN"]
[Date "1972.03.07"]
[Round "3"]
[White "Brodie, Hugh"]
[Black "Hutchison, L."]
[Result "1-0"]
[WhiteElo "1800"]
[BlackElo "1600"]
[PlyCount "41"]
[EventDate "1972.02.01"]
[EventType "team"]
[EventRounds "5"]
[EventCountry "CAN"]

1. e4 e5 2. Nc3 Nc6 3. Bc4 Nf6 4. d3 d6 5. f4 g6 6. Nf3 Qe7 7. O-O Be6 8. Bb5
Bd7 9. Be3 a6 10. Ba4 b5 11. Bb3 Bg7 12. Qd2 O-O 13. f5 gxf5 14. exf5 Bxf5 15.
Bg5 Rad8 16. Nh4 d5 17. Nxf5 Qc5+ 18. Kh1 d4 19. Bxf6 Bxf6 20. Qh6 Kh8 21.
Qxf6+ 1-0

[Event "Montreal-Tch"]
[Site "Montreal CAN"]
[Date "1972.03.12"]
[Round "4"]
[White "Jette, Georges"]
[Black "Brodie, Hugh"]
[Result "0-1"]
[WhiteElo "1700"]
[BlackElo "1800"]
[PlyCount "112"]
[EventDate "1972.02.01"]
[EventType "team"]
[EventRounds "5"]
[EventCountry "CAN"]

1. e4 c5 2. Bc4 e6 3. Nf3 a6 4. d4 b5 5. Be2 cxd4 6. Nxd4 Bb7 7. Bd3 Nf6 8. Nc3
b4 9. Nce2 Bxe4 10. Bxe4 Nxe4 11. Be3 Qc7 12. Qd3 d5 13. Bf4 e5 14. Bg3 Nxg3
15. Qxg3 g6 16. O-O Bd6 17. Nb3 O-O 18. Rac1 Nd7 19. Nd2 f5 20. Qb3 Nf6 21. c4
bxc3 22. Nxc3 Qb8 23. Ne2 Qxb3 24. Nxb3 Rfc8 25. Rcd1 Rc2 26. Nc3 d4 27. Na4
Rac8 28. f4 Nd5 29. Rf2 Nxf4 30. Rxc2 Rxc2 31. g3 Nh3+ 32. Kf1 Rf2+ 33. Ke1
Bb4+ 34. Nd2 d3 35. Nc3 e4 36. a3 Bxc3 37. bxc3 e3 38. Nc4 d2+ 39. Nxd2 Rxd2
40. Rxd2 exd2+ 41. Kxd2 Kf7 42. c4 Ke6 43. Kd3 Kd6 44. Kd4 Ng5 45. c5+ Kc6 46.
Kc4 Ne4 47. a4 Nxc5 48. a5 g5 49. Kd4 f4 50. Ke5 f3 51. h4 gxh4 52. gxh4 f2 53.
h5 f1=Q 54. h6 Nd3+ 55. Ke4 Kc5 56. Ke3 Kd5 0-1

[Event "Montreal-Tch"]
[Site "Montreal CAN"]
[Date "1972.03.21"]
[Round "5"]
[White "Brodie, Hugh"]
[Black "Nachtigal, F."]
[Result "1-0"]
[WhiteElo "1800"]
[BlackElo "1600"]
[PlyCount "69"]
[EventDate "1972.02.01"]
[EventType "team"]
[EventRounds "5"]
[EventCountry "CAN"]

1. e4 c5 2. Nc3 g6 3. g3 Bg7 4. Bg2 Nc6 5. d3 d6 6. f4 Nf6 7. Nf3 Bg4 8. h3 Bd7
9. O-O h6 10. Be3 b6 11. Qd2 Nh5 12. g4 Ng3 13. Rfe1 h5 14. Qf2 hxg4 15. hxg4
Nxe4 16. dxe4 Bxg4 17. Qg3 Qd7 18. Kf2 O-O-O 19. a3 Nd4 20. Bxd4 cxd4 21. Ne2
Bxf3 22. Qxf3 e5 23. Rh1 Kb8 24. c3 Qc6 25. cxd4 exd4 26. Rac1 Qb7 27. Qb3 d5
28. e5 f6 29. Nxd4 Rd7 30. Nc6+ Ka8 31. Bxd5 fxe5 32. Ne7 Rxd5 33. Qxd5 Qxd5
34. Nxd5 exf4 35. Rxh8+ 1-0

[Event "Ottawa op"]
[Site "Ottawa CAN"]
[Date "1972.01.29"]
[Round "1"]
[White "Kimmerly, Ian"]
[Black "Brodie, Hugh"]
[Result "0-1"]
[WhiteElo "1600"]
[BlackElo "1800"]
[PlyCount "57"]
[EventDate "1972.01.29"]
[EventType "swiss"]
[EventRounds "5"]
[EventCountry "CAN"]

1. e4 e6 2. d4 d5 3. Bd3 dxe4 4. Bxe4 Nf6 5. Nc3 Nxe4 6. Nxe4 b6 7. Nf3 Bb7 8.
Qd3 Nd7 9. O-O Be7 10. Bg5 O-O 11. Bxe7 Qxe7 12. Rfe1 Rfd8 13. Rad1 Rac8 14.
Re3 c5 15. Qa3 Bxe4 16. Rxe4 Nf6 17. Re5 Qc7 18. Qa4 cxd4 19. Rxd4 Rxd4 20.
Qxd4 Qxc2 21. h3 Qc1+ 22. Kh2 Qc7 23. Kg1 Rd8 24. Qc3 Qxc3 25. bxc3 Rd3 26. Re3
Rxe3 27. fxe3 Nd5 28. Nd4 Nxc3 29. a3 0-1